000 00333nam a2200133Ia 4500
008 240624s9999 xx 000 0 und d
041 _aeng
082 _a823 RIO
100 _aRIORDAN RICK
245 _aTRIALS OF APOLLO THE DARK PROPHECY
260 _c2017
_aNew Delhi
_bPuffin Books
300 _a456 p.; 23 cm.
365 _cRS
_b30
999 _c29608
_d29608